12 months in 45 seconds! - Statistics

General Stats
  • This quiz has been taken 3,210 times
  • The average score is 10 of 12
Answer Stats
No. Answer % Correct
1. January
93%
7. July
92%
6. June
92%
3. March
91%
5. May
91%
4. April
90%
8. August
84%
10. October
83%
9. September
83%
11. November
82%
12. December
81%
2. February
78%
No matching quizzes found
Score Distribution
Percent of People with Each Score
Percentile by Number Answered
Your Score History
You have not taken this quiz